[Event "Online Olym Div2 D 2021"]
[Site "chess.com INT"]
[Date "2021.09.03"]
[Round "4.3"]
[Board "3"]
[White "Alboredo, Julia"]
[Black "Corrales Jimenez, Zenia"]
[Result "0-1"]
[WhiteTitle "WFM"]
[BlackTitle "WIM"]
[WhiteElo "2183"]
[BlackElo "2198"]
[WhiteTeam "Brazil"]
[BlackTeam "Mexico"]
[WhiteFideId "2124807"]
[BlackFideId "3506355"]
[EventDate "2021.09.02"]
[EventType "team"]

1. e4 c5 2. Nf3 d6 3. Bb5+ Bd7 4. Bxd7+ Qxd7 5. O-O Nf6 6. Qe2 Nc6 7. c3 e6 8.
Rd1 Be7 9. d4 cxd4 10. cxd4 d5 11. e5 Ne4 12. Nc3 Nxc3 13. bxc3 O-O 14. Be3 Na5
15. Nd2 Rac8 16. Qd3 Rc7 17. f4 Rfc8 18. Rac1 Qa4 19. f5 Rxc3 20. Rxc3 Rxc3 21.
Qxc3 Qxd1+ 22. Kf2 Nc6 23. Qb2 exf5 24. Qxb7 Nb4 25. Qb8+ Bf8 26. Qb5 Qc2 27. a3
Nd3+ 28. Ke2 Nc1+ 29. Kf2 f4 30. Bxf4 Nd3+ 31. Ke3 Nxf4 0-1

[Event "Online Olym Div2 D 2021"]
[Site "chess.com INT"]
[Date "2021.09.03"]
[Round "4.3"]
[Board "4"]
[White "Guerrero Rodriguez, Alejandra"]
[Black "Librelato, Kathie Goulart"]
[Result "1-0"]
[WhiteTitle "WIM"]
[BlackTitle "WIM"]
[WhiteElo "2019"]
[BlackElo "2165"]
[WhiteTeam "Mexico"]
[BlackTeam "Brazil"]
[WhiteFideId "5104297"]
[BlackFideId "2153963"]
[EventDate "2021.09.02"]
[EventType "team"]

1. e4 e5 2. Nf3 Nc6 3. Bb5 a6 4. Ba4 Nf6 5. O-O Be7 6. Re1 b5 7. Bb3 d6 8. c3
O-O 9. h3 Nb8 10. d4 Nbd7 11. Nbd2 Bb7 12. Bc2 Re8 13. Nf1 Bf8 14. Ng3 g6 15. a4
Bg7 16. Nh2 exd4 17. cxd4 c5 18. axb5 axb5 19. Rxa8 Qxa8 20. d5 c4 21. Bf4 Qa6
22. Nf3 Nc5 23. Nd4 Nxd5 24. exd5 Rxe1+ 25. Qxe1 Bxd4 26. Qe8+ Kg7 27. Qe7 Bf6
28. Nh5+ gxh5 29. Bh6+ Kg8 30. Qe8# 1-0

[Event "Online Olym Div2 D 2021"]
[Site "chess.com INT"]
[Date "2021.09.03"]
[Round "4.3"]
[Board "5"]
[White "Labussiere, Victor"]
[Black "Esquivel San Agustin, Dieg"]
[Result "1/2-1/2"]
[WhiteTitle "FM"]
[WhiteElo "2291"]
[BlackElo "1902"]
[WhiteTeam "Brazil"]
[BlackTeam "Mexico"]
[WhiteFideId "2183129"]
[BlackFideId "5124514"]
[EventDate "2021.09.02"]
[EventType "team"]

1. Nf3 Nf6 2. c4 g6 3. Nc3 d5 4. cxd5 Nxd5 5. Qa4+ Bd7 6. Qh4 Nxc3 7. bxc3 Bg7
8. g3 c5 9. Bg2 Nc6 10. O-O Rc8 11. d4 O-O 12. Bh6 e6 13. Qf4 cxd4 14. cxd4 Nxd4
15. Nxd4 e5 16. Qd2 Bxh6 17. Qxh6 exd4 18. Bxb7 Rc2 19. Bf3 Bc6 20. Bxc6 Rxc6
21. Rfd1 Rc2 22. Rd2 Qc7 23. Rad1 Re8 24. h4 Rxe2 25. Rxd4 Re8 26. h5 Qe5 27.
Rd5 Qf6 28. R5d2 Rc5 29. hxg6 hxg6 30. Rd6 Qg7 31. Qd2 Qc3 32. Rd8 Rxd8 33.
Qxd8+ Kg7 34. Qe8 Qf6 35. Qe4 Re5 36. Qd3 Rf5 37. Qd2 Re5 38. Qd3 Rf5 39. Rd2
Rc5 40. Rd1 Rf5 1/2-1/2

[Event "Online Olym Div2 D 2021"]
[Site "chess.com INT"]
[Date "2021.09.03"]
[Round "4.3"]
[Board "6"]
[White "Ortega Beltran, Ximena"]
[Black "Frattini, Beatriz Maria"]
[Result "1/2-1/2"]
[BlackTitle "WCM"]
[WhiteElo "1724"]
[BlackElo "1847"]
[WhiteTeam "Mexico"]
[BlackTeam "Brazil"]
[WhiteFideId "5125090"]
[BlackFideId "22715002"]
[EventDate "2021.09.02"]
[EventType "team"]

1. Nf3 c5 2. c4 Nf6 3. g3 d5 4. Bg2 Nc6 5. O-O d4 6. d3 e5 7. Na3 Bd6 8. Bg5 O-O
9. Nd2 Bf5 10. Ne4 Bxe4 11. Bxe4 h6 12. Bxf6 Qxf6 13. Nc2 Qe7 14. e3 f5 15. Bd5+
Kh8 16. exd4 cxd4 17. Re1 Qd7 18. b4 Rae8 19. b5 Ne7 20. Bg2 Ng8 21. Qf3 Re7 22.
Rab1 Nf6 23. a4 e4 24. Qd1 Bc5 25. Nb4 Qd6 26. Nd5 Nxd5 27. cxd5 Qxd5 28. Rc1
Bb4 29. Re2 Rfe8 30. Rc4 Bc5 31. Rec2 b6 32. a5 Qd7 33. Rxc5 bxc5 34. Rxc5 Re5
35. Rxe5 Rxe5 36. b6 axb6 37. axb6 Rb5 38. dxe4 fxe4 39. Bxe4 Rxb6 40. Qd3 Rb8
41. Kg2 Rf8 42. h3 Qd6 43. Bf3 Qe5 44. Be4 Qf6 45. f4 Re8 46. h4 Qe6 47. Kf3 Rd8
48. Bf5 Qd5+ 49. Be4 Qc5 50. Kg4 Qc3 51. Qb5 Qc8+ 52. Kf3 Qd7 53. Qb6 d3 54. Qg6
Kg8 55. Qh7+ Kf8 56. Qh8+ Kf7 57. Qh7 Qd6 58. Qf5+ Qf6 59. Bxd3 Qxf5 60. Bxf5
Kf6 61. Be4 Rb8 62. Kg4 Rb4 63. Bc2 Rc4 64. Bd3 Rd4 65. Bb1 Rb4 66. Bd3 Rb3 67.
Bc2 Rc3 68. Be4 Ke6 69. Bf5+ Kd5 70. Bh7 Kd4 71. f5 Ke3 72. Kh5 Kf2 73. g4 Kg3
74. Kg6 Rc7 75. Kh5 Kf4 76. Bg6 Ra7 77. Bh7 Ra6 78. Bg6 Ra1 79. Bh7 Rh1 80. Kg6
Kxg4 81. Kxg7 h5 82. f6 Kxh4 83. f7 Rg1+ 84. Bg6 Rf1 85. Bxh5 Kxh5 86. f8=Q Rxf8
87. Kxf8 1/2-1/2

[Event "Online Olym Div2 D 2021"]
[Site "chess.com INT"]
[Date "2021.09.03"]
[Round "4.4"]
[Board "2"]
[White "Martinez Reyes, Pedro Ramon"]
[Black "Roselli Mailhe, Bernardo"]
[Result "1/2-1/2"]
[WhiteTitle "FM"]
[BlackTitle "IM"]
[WhiteElo "2404"]
[BlackElo "2430"]
[WhiteTeam "Venezuela"]
[BlackTeam "Uruguay"]
[WhiteFideId "3901807"]
[BlackFideId "3000028"]
[EventDate "2021.09.02"]
[EventType "team"]

1. e4 c5 2. Nf3 e6 3. d4 cxd4 4. Nxd4 Nf6 5. Nc3 Nc6 6. Ndb5 Bb4 7. a3 Bxc3+ 8.
Nxc3 d5 9. Bd3 O-O 10. O-O d4 11. Ne2 e5 12. Ng3 Be6 13. Bg5 h6 14. Bd2 Nd7 15.
Qh5 Nf6 16. Qd1 Nd7 17. Qh5 Nf6 18. Qe2 Nd7 19. b4 a6 20. Qh5 Nf6 21. Qe2 Nd7
22. Qf3 Qf6 23. Nf5 Rfe8 24. Rae1 Ne7 25. Nxe7+ Qxe7 26. Qg3 Kh8 27. f4 f6 28.
f5 Bg8 29. Qh4 Rac8 30. Rf3 Bc4 31. Rh3 Nf8 32. Rg3 Nh7 33. Qh5 Bxd3 34. cxd3
Rg8 35. h4 Rc2 36. Re2 Qe8 37. Qg4 Qf7 38. Kh2 h5 39. Qf3 Qa2 40. Qf2 Qxa3 41.
Be1 Rxe2 42. Qxe2 Qc1 43. Bd2 Qc2 44. Kh3 b6 45. Qe1 Rc8 46. Kh2 Qa2 47. Qd1 Qc2
48. Qe1 Qa2 49. Qd1 Rc2 50. Be1 Re2 51. Qc1 Qc2 52. Qa1 Nf8 53. Qxa6 Qc7 54. Qa1
b5 55. Qa8 Kg8 56. Qa1 Kh8 57. Qa8 Kg8 58. Qa1 Qf7 59. Qd1 Qa2 60. Qc1 Rc2 61.
Qd1 Re2 62. Qc1 Qc2 63. Qa1 Qa2 64. Qc1 1/2-1/2

[Event "Online Olym Div2 D 2021"]
[Site "chess.com INT"]
[Date "2021.09.03"]
[Round "4.4"]
[Board "3"]
[White "de Leon, Patricia"]
[Black "Varela La Madrid, Tilsia Carolina"]
[Result "0-1"]
[WhiteTitle "WFM"]
[BlackTitle "WIM"]
[WhiteElo "2004"]
[BlackElo "2087"]
[WhiteTeam "Uruguay"]
[BlackTeam "Venezuela"]
[WhiteFideId "3000273"]
[BlackFideId "3903001"]
[EventDate "2021.09.02"]
[EventType "team"]

1. d4 d5 2. c4 e6 3. Nc3 Nf6 4. Bg5 Be7 5. cxd5 Nxd5 6. Bxe7 Qxe7 7. Nf3 O-O 8.
e4 Nxc3 9. bxc3 c5 10. Be2 cxd4 11. cxd4 Qb4+ 12. Qd2 Qxd2+ 13. Kxd2 Rd8 14.
Rhd1 Nc6 15. Ke1 b6 16. Rac1 Bb7 17. d5 exd5 18. exd5 Nb4 19. d6 Nd5 20. a4 Rxd6
21. a5 Rdd8 22. a6 Bc8 23. Rd4 Be6 24. Rcd1 Rac8 25. Ne5 f6 26. Ng4 Re8 27. Kf1
Nc7 28. Bf3 Nxa6 29. Bb7 Bxg4 30. Rxg4 Nc5 31. Bxc8 Rxc8 32. Ra1 a5 33. Rc4 Kf7
34. Rb1 Rc6 35. Rh4 h6 36. Ke2 a4 37. Rhb4 Re6+ 38. Kf1 a3 39. Rxb6 Rxb6 40.
Rxb6 a2 0-1

[Event "Online Olym Div2 D 2021"]
[Site "chess.com INT"]
[Date "2021.09.03"]
[Round "4.4"]
[Board "4"]
[White "Patino Garcia, Corals"]
[Black "Quevedo, Andreina"]
[Result "1/2-1/2"]
[WhiteTitle "WFM"]
[BlackTitle "WFM"]
[WhiteElo "1916"]
[BlackElo "1867"]
[WhiteTeam "Venezuela"]
[BlackTeam "Uruguay"]
[WhiteFideId "3902781"]
[BlackFideId "3004147"]
[EventDate "2021.09.02"]
[EventType "team"]

1. d4 Nf6 2. Bf4 g6 3. Nc3 Bg7 4. e4 d6 5. Qd2 O-O 6. O-O-O c6 7. h4 Qa5 8. f3
b5 9. Bh6 Bxh6 10. Qxh6 Be6 11. h5 b4 12. hxg6 fxg6 13. Nb1 Bxa2 14. Nh3 Qh5 15.
Qd2 Qa5 16. g4 Nbd7 17. Qh6 Rf7 18. Ng5 Rg7 19. Rh2 Qb6 20. b3 Bxb1 21. Kxb1 a5
22. Ne6 Rf7 23. g5 Nh5 24. Bc4 d5 25. exd5 cxd5 26. Bxd5 Qd6 27. Bxa8 Qxh2 28.
Bd5 Nb6 29. Nd8 Nxd5 30. Nxf7 Nc3+ 31. Kc1 Nxd1 32. Kxd1 Qh1+ 33. Kd2 Qxf3 34.
Ne5 Qc3+ 35. Kc1 Qa1+ 36. Kd2 Qxd4+ 37. Nd3 Ng3 38. Qh3 Nf5 39. Qf3 Qc3+ 40. Kd1
Nd4 41. Qd5+ Kf8 42. Qd8+ Kf7 43. Qd5+ Kf8 44. Qd8+ Kf7 45. Qd5+ Kf8 1/2-1/2

[Event "Online Olym Div2 D 2021"]
[Site "chess.com INT"]
[Date "2021.09.03"]
[Round "4.4"]
[Board "5"]
[White "Vazquez, Facundo"]
[Black "Escalona Landi, Samid Eduardo"]
[Result "1/2-1/2"]
[WhiteTitle "CM"]
[BlackTitle "CM"]
[WhiteElo "2190"]
[BlackElo "2122"]
[WhiteTeam "Uruguay"]
[BlackTeam "Venezuela"]
[WhiteFideId "3007669"]
[BlackFideId "3937437"]
[EventDate "2021.09.02"]
[EventType "team"]

1. d4 g6 2. c4 Bg7 3. g3 d6 4. Nf3 Nf6 5. Bg2 O-O 6. O-O c6 7. Nc3 Bf5 8. Re1
Ne4 9. Nxe4 Bxe4 10. Bh3 Bxf3 11. exf3 d5 12. c5 e6 13. Bf4 Nd7 14. Qd2 Re8 15.
Rac1 f5 16. Bf1 Qf6 17. Be5 Nxe5 18. dxe5 Qe7 19. b4 Qc7 20. f4 Bf8 21. Qc3 Rec8
22. h4 a5 23. a3 b6 24. Ra1 bxc5 25. bxc5 Qa7 26. Rec1 Rab8 27. Be2 a4 28. h5
Rb3 29. Qd4 Ra8 30. Kg2 Qa5 31. Ra2 Rb7 32. Rac2 Rab8 33. hxg6 hxg6 34. Rc3 Rb1
35. Bd1 Rxc1 36. Rxc1 Rb5 37. Qxa4 Qxa4 38. Bxa4 Rxc5 39. Rxc5 Bxc5 40. Bxc6
Bxa3 41. Be8 Kg7 1/2-1/2

[Event "Online Olym Div2 D 2021"]
[Site "chess.com INT"]
[Date "2021.09.03"]
[Round "4.4"]
[Board "6"]
[White "Matute Escobar, Roxanny"]
[Black "Roepke, Sofia"]
[Result "1-0"]
[WhiteTitle "WFM"]
[WhiteElo "1899"]
[BlackElo "1589"]
[WhiteTeam "Venezuela"]
[BlackTeam "Uruguay"]
[WhiteFideId "3926028"]
[BlackFideId "3006360"]
[EventDate "2021.09.02"]
[EventType "team"]

1. e4 e5 2. Nf3 Nf6 3. Nxe5 d6 4. Nf3 Nxe4 5. Nc3 Nxc3 6. dxc3 Be7 7. h3 Nc6 8.
Be3 Be6 9. Qd2 Qd7 10. Bd3 a6 11. O-O-O Bf6 12. Kb1 O-O-O 13. Rhe1 h6 14. g4 Ne5
15. Be2 Nc4 16. Bxc4 Bxc4 17. Nd4 Be6 18. f4 Bxd4 19. cxd4 f6 20. d5 Bf7 21. Qd4
h5 22. f5 hxg4 23. hxg4 Rh2 24. Rd3 b6 25. Rc3 Kb7 26. Bg1 Rh4 27. b3 Rdh8 28.
Kb2 Bh5 29. Rg3 Bf7 30. Qd3 Be8 31. Re4 Qb5 32. Qe3 Bf7 33. Re7 Rf8 34. a4 Qxd5
35. Qxb6+ Kc8 36. Qxc7# 1-0

[Event "Online Olym Div2 D 2021"]
[Site "chess.com INT"]
[Date "2021.09.03"]
[Round "4.5"]
[Board "1"]
[White "Lenic, Luka"]
[Black "Miguel, Sergio"]
[Result "1-0"]
[WhiteTitle "GM"]
[BlackTitle "FM"]
[WhiteElo "2627"]
[BlackElo "2297"]
[WhiteTeam "Slovenia"]
[BlackTeam "Angola"]
[WhiteFideId "14603853"]
[BlackFideId "10100792"]
[EventDate "2021.09.02"]
[EventType "team"]

1. d4 Nf6 2. c4 e6 3. Nf3 b6 4. a3 Bb7 5. Nc3 g6 6. Qc2 c5 7. e4 cxd4 8. Nxd4
Bg7 9. Ndb5 d6 10. Qd3 Ke7 11. Bf4 Ne8 12. O-O-O e5 13. Bg5+ f6 14. Nd5+ Bxd5
15. Qxd5 Na6 16. Qb7+ Nac7 17. Be3 Rb8 18. Qxa7 Ke6 19. c5 bxc5 20. Bc4+ Ke7 21.
Nxd6 Nxd6 22. Bxc5 Ra8 23. Qb6 Ne8 24. Qb7+ Qc7 25. Bxd6+ 1-0

[Event "Online Olym Div2 D 2021"]
[Site "chess.com INT"]
[Date "2021.09.03"]
[Round "4.5"]
[Board "2"]
[White "Dias, Vanderson"]
[Black "Borisek, Jure"]
[Result "0-1"]
[BlackTitle "GM"]
[WhiteElo "2104"]
[BlackElo "2591"]
[WhiteTeam "Angola"]
[BlackTeam "Slovenia"]
[WhiteFideId "10100636"]
[BlackFideId "14603152"]
[EventDate "2021.09.02"]
[EventType "team"]

1. e4 e5 2. Nf3 Nc6 3. Bc4 Bc5 4. c3 Nf6 5. d3 d6 6. h3 a6 7. Qe2 h6 8. Be3 O-O
9. Nbd2 Re8 10. Bxc5 dxc5 11. a4 Be6 12. Bxe6 Rxe6 13. Rd1 Ne7 14. O-O Ng6 15.
g3 Qd7 16. b3 Rd8 17. Ne1 b5 18. axb5 axb5 19. f4 exf4 20. gxf4 Nd5 21. f5 Nxc3
22. Qh5 Ra6 23. fxg6 fxg6 24. Qxc5 Nxd1 25. Ng2 Nb2 26. Nf3 Nxd3 27. Qc3 Rf6 28.
e5 Rff8 29. h4 Qg4 30. Qxc7 Rc8 31. Qb7 Rc2 32. Qd5+ Kh8 33. Nh2 Rxf1+ 34. Nxf1
Nf4 35. Qa8+ Kh7 36. Ne3 Rc1+ 37. Kf2 Nd3# 0-1

[Event "Online Olym Div2 D 2021"]
[Site "chess.com INT"]
[Date "2021.09.03"]
[Round "4.5"]
[Board "3"]
[White "Janzelj, Lara"]
[Black "Pires, Luzia"]
[Result "1-0"]
[WhiteTitle "WIM"]
[BlackTitle "WFM"]
[WhiteElo "2186"]
[BlackElo "1768"]
[WhiteTeam "Slovenia"]
[BlackTeam "Angola"]
[WhiteFideId "14608391"]
[BlackFideId "10101012"]
[EventDate "2021.09.02"]
[EventType "team"]

1. d4 e6 2. c4 d5 3. Nf3 f5 4. g3 Nf6 5. Bg2 Bd6 6. O-O O-O 7. b3 c6 8. Bf4 h6
9. Nbd2 g5 10. Bxd6 Qxd6 11. Qc2 Bd7 12. h4 gxh4 13. Nxh4 Be8 14. c5 Qe7 15.
Ndf3 Nbd7 16. b4 Qg7 17. e3 Bh5 18. Ne1 Ne4 19. Nd3 Kh8 20. Nf4 Bf7 21. Bxe4
fxe4 22. Kg2 Nf6 23. Rh1 Ng4 24. Qe2 e5 25. dxe5 Nxe5 26. Nf5 Qg4 27. Rxh6+ Kg8
28. Qxg4+ Nxg4 29. Rh4 Ne5 30. Rah1 Bg6 31. Ne7+ Kf7 32. Nexg6 Nxg6 33. Rh7+ Kf6
34. R1h6 Rg8 35. Rxb7 Kg5 36. Rxg6+ Rxg6 37. Nxg6 Kxg6 38. Rc7 a5 39. Rxc6+ Kf5
40. b5 1-0

[Event "Online Olym Div2 D 2021"]
[Site "chess.com INT"]
[Date "2021.09.03"]
[Round "4.5"]
[Board "4"]
[White "Joao, Delfina"]
[Black "Vidic, Teja"]
[Result "0-1"]
[WhiteTitle "WCM"]
[BlackTitle "WIM"]
[WhiteElo "1705"]
[BlackElo "2172"]
[WhiteTeam "Angola"]
[BlackTeam "Slovenia"]
[WhiteFideId "10100920"]
[BlackFideId "14605511"]
[EventDate "2021.09.02"]
[EventType "team"]

1. e4 e5 2. Nf3 Nc6 3. Bb5 a6 4. Bxc6 dxc6 5. O-O Bg4 6. h3 h5 7. hxg4 hxg4 8.
Nxe5 Qh4 9. f3 g3 10. Ng4 Qh1# 0-1

[Event "Online Olym Div2 D 2021"]
[Site "chess.com INT"]
[Date "2021.09.03"]
[Round "4.5"]
[Board "5"]
[White "Tisaj, Domen"]
[Black "Prospero, Alexandre"]
[Result "1-0"]
[WhiteTitle "FM"]
[WhiteElo "2357"]
[BlackElo "1940"]
[WhiteTeam "Slovenia"]
[BlackTeam "Angola"]
[WhiteFideId "14628708"]
[BlackFideId "10107592"]
[EventDate "2021.09.02"]
[EventType "team"]

1. d4 Nf6 2. c4 d5 3. cxd5 Nxd5 4. e4 Nf6 5. Nc3 e6 6. Nf3 c5 7. d5 exd5 8. exd5
Bd6 9. Bb5+ Bd7 10. O-O O-O 11. Bg5 h6 12. Bh4 Bf4 13. Qa4 g5 14. Bg3 Nh5 15.
Bxf4 Nxf4 16. Ne5 Bf5 17. Rad1 f6 18. Nc4 a6 19. Ne3 axb5 20. Qxa8 Bd3 21. Qxb7
Rf7 22. Qa8 Qb6 23. d6 Kg7 24. Ned5 Qxd6 25. Nxf4 gxf4 26. Nxb5 Qb6 27. Rxd3
Qxb5 28. Rb3 Qd7 29. Rxb8 Kg6 30. Qe4+ f5 31. Rb6+ 1-0

[Event "Online Olym Div2 D 2021"]
[Site "chess.com INT"]
[Date "2021.09.03"]
[Round "4.5"]
[Board "6"]
[White "Antonio, Renelsa Taiane"]
[Black "Urh, Zala"]
[Result "0-1"]
[BlackTitle "WIM"]
[WhiteElo "1375"]
[BlackElo "2234"]
[WhiteTeam "Angola"]
[BlackTeam "Slovenia"]
[WhiteFideId "10107860"]
[BlackFideId "14611481"]
[EventDate "2021.09.02"]
[EventType "team"]

1. e4 c5 2. d3 Nc6 3. Be3 d6 4. Nf3 g6 5. Nc3 Bg7 6. Rb1 e6 7. Be2 Nge7 8. O-O
O-O 9. a3 b6 10. Bf4 e5 11. Bg3 f5 12. exf5 gxf5 13. h3 Kh8 14. Ng5 Bf6 15. f4
Ng6 16. Qd2 exf4 17. Bxf4 Nxf4 18. Qxf4 Bxg5 19. Qf3 Bb7 20. Qd5 Qd7 21. Bf3
Rab8 22. Rbe1 Nd4 23. Qa2 Nxf3+ 24. gxf3 Qg7 25. Re2 Rg8 26. Kh1 Qh6 27. Kg2
Bf4+ 0-1

[Event "Online Olym Div2 D 2021"]
[Site "chess.com INT"]
[Date "2021.09.03"]
[Round "5.1"]
[Board "1"]
[White "Silva, David"]
[Black "Tissir, Mohamed"]
[Result "1-0"]
[WhiteTitle "IM"]
[BlackTitle "IM"]
[WhiteElo "2312"]
[BlackElo "2375"]
[WhiteTeam "Angola"]
[BlackTeam "Morocco"]
[WhiteFideId "10101314"]
[BlackFideId "9000240"]
[EventDate "2021.09.02"]
[EventType "team"]

1. e4 c5 2. Nf3 d6 3. d4 cxd4 4. Nxd4 Nf6 5. Nc3 a6 6. a3 g6 7. Be3 Bg7 8. f3
O-O 9. Qd2 Nc6 10. O-O-O Bd7 11. h4 h5 12. Kb1 Rc8 13. Nxc6 Bxc6 14. Bd4 b5 15.
g4 e5 16. Be3 hxg4 17. h5 Nxh5 18. fxg4 Nf4 19. Qh2 Re8 20. Qh7+ Kf8 21. Rh2 Qc7
22. Rhd2 Red8 23. Bd3 Qb7 24. Ne2 Bxe4 25. Nxf4 exf4 26. Bxf4 Bxd3 27. Rxd3 Qe4
28. Bh6 Bxh6 29. Qh8+ Ke7 30. Qxh6 Qxg4 31. Re1+ Kd7 32. Qe3 Re8 33. Qa7+ Rc7
34. Qf2 Rxe1+ 35. Qxe1 Qf5 36. Qe2 Rc6 37. Re3 Qg5 38. Qf2 f5 39. Rg3 Qf6 40.
Qa7+ Rc7 41. Qxa6 f4 42. Qxb5+ Ke7 43. Rg4 Kf7 44. a4 Re7 45. Qc4+ Kg7 46. Rxf4
Qe5 47. Rf1 Rb7 48. b3 g5 49. Qc8 Rf7 50. Rh1 Rf8 51. Qh3 Rf7 52. Qh8+ Kg6 53.
Qh6+ Kf5 54. Rf1+ Kg4 55. Rxf7 1-0

[Event "Online Olym Div2 D 2021"]
[Site "chess.com INT"]
[Date "2021.09.03"]
[Round "5.1"]
[Board "2"]
[White "Ali, Sebbar"]
[Black "Miguel, Sergio"]
[Result "0-1"]
[WhiteTitle "IM"]
[BlackTitle "FM"]
[WhiteElo "2399"]
[BlackElo "2297"]
[WhiteTeam "Morocco"]
[BlackTeam "Angola"]
[WhiteFideId "8100977"]
[BlackFideId "10100792"]
[EventDate "2021.09.02"]
[EventType "team"]

1. d4 Nf6 2. Nf3 e6 3. Bg5 c5 4. Nc3 cxd4 5. Qxd4 Nc6 6. Qh4 Be7 7. e4 Qa5 8.
Bb5 d6 9. O-O-O Bd7 10. Kb1 a6 11. Bd3 Rc8 12. Bd2 Qc7 13. Qg3 O-O 14. Bh6 Ne8
15. h4 b5 16. h5 Kh8 17. Bf4 b4 18. h6 g6 19. Ne2 e5 20. Be3 f5 21. Bg5 fxe4 22.
Bxe4 Nf6 23. Bxf6+ Bxf6 24. Rd2 Ne7 25. Rhd1 d5 26. Ka1 Be6 27. Bd3 e4 28. Qxc7
Rxc7 29. Nfd4 exd3 30. Nxe6 dxe2 31. Rxe2 Rcc8 32. Nxf8 Rxf8 33. f4 a5 34. g4 g5
35. f5 a4 36. Kb1 Ng8 37. Rh1 a3 38. b3 Bc3 39. Kc1 Nf6 40. Rg1 Ne4 41. Rgg2
Bb2+ 42. Kd1 Nc3+ 43. Ke1 Nxa2 44. Re7 Nc3 45. Ra7 a2 46. Kd2 Ba3 47. Rg1 Nb1+
48. Kd3 a1=Q 0-1

[Event "Online Olym Div2 D 2021"]
[Site "chess.com INT"]
[Date "2021.09.03"]
[Round "5.1"]
[Board "3"]
[White "Caxita, Esperanca"]
[Black "Elamri, Laila A."]
[Result "1-0"]
[WhiteTitle "WIM"]
[BlackTitle "WFM"]
[WhiteElo "1865"]
[BlackElo "1901"]
[WhiteTeam "Angola"]
[BlackTeam "Morocco"]
[WhiteFideId "10100903"]
[BlackFideId "9000704"]
[EventDate "2021.09.02"]
[EventType "team"]

1. e4 e5 2. Nf3 Nc6 3. Bc4 Bc5 4. c3 Nf6 5. d3 O-O 6. O-O d6 7. h3 Na5 8. Bb5 a6
9. Ba4 b5 10. Bc2 Nc6 11. Bg5 h6 12. Bh4 g5 13. Bg3 Nh5 14. Bh2 Nf4 15. d4 Bb6
16. Bxf4 gxf4 17. dxe5 dxe5 18. Qd5 Bb7 19. Rd1 Qf6 20. Qd3 Rad8 21. Qe2 Ne7 22.
Rxd8 Rxd8 23. Nbd2 Kh8 24. Nf1 Qg7 25. N1h2 Rg8 26. Ne1 f5 27. Rd1 Nc8 28. Kh1
fxe4 29. Bxe4 Bxe4 30. Qxe4 Bxf2 31. Ng4 Bxe1 32. Rxe1 Nd6 33. Qxe5 Qxe5 34.
Rxe5 Rg5 35. Re7 h5 36. Nf6 Rg7 37. Rxg7 Kxg7 38. Nxh5+ Kf7 39. Nxf4 Nc4 40. b3
Nd2 41. g4 Nb1 42. Ne2 c5 43. Kg2 a5 44. Kf2 Nd2 45. Ke3 Nf1+ 46. Kf4 1-0

[Event "Online Olym Div2 D 2021"]
[Site "chess.com INT"]
[Date "2021.09.03"]
[Round "5.1"]
[Board "4"]
[White "Mayar ElIdrissi, Firdaous"]
[Black "Junior, Ednasia"]
[Result "0-1"]
[BlackTitle "WFM"]
[WhiteElo "1760"]
[BlackElo "1867"]
[WhiteTeam "Morocco"]
[BlackTeam "Angola"]
[WhiteFideId "9001727"]
[BlackFideId "10105980"]
[EventDate "2021.09.02"]
[EventType "team"]

1. d4 Nf6 2. Bf4 g6 3. Nc3 Bg7 4. e4 d6 5. Be2 O-O 6. Qd2 Nbd7 7. Bh6 e5 8. Bxg7
Kxg7 9. d5 Nc5 10. f3 a5 11. g4 h6 12. O-O-O Bd7 13. h4 Rh8 14. Nh3 Rb8 15. g5
hxg5 16. Nxg5 Nh5 17. Rdg1 Qf6 18. Kb1 b5 19. Bd1 Qf4 20. Qf2 b4 21. Ne2 Qf6 22.
Rf1 a4 23. Ng3 Nf4 24. Ne2 Bb5 25. Rfg1 Bxe2 26. Bxe2 b3 27. cxb3 axb3 28. a3
Rb6 29. Nh3 Nxh3 30. Rxh3 Nxe4 31. Qe3 Nc5 32. h5 Qf5+ 33. Ka1 Qxh3 34. hxg6 Qh6
35. gxf7+ Kxf7 36. Qf2 Rg8 37. Rc1 Qxc1# 0-1

[Event "Online Olym Div2 D 2021"]
[Site "chess.com INT"]
[Date "2021.09.03"]
[Round "5.1"]
[Board "6"]
[White "Makhlouf, Ahlam"]
[Black "Paulo, Jemima"]
[Result "0-1"]
[WhiteTitle "WFM"]
[WhiteElo "1419"]
[BlackElo "1754"]
[WhiteTeam "Morocco"]
[BlackTeam "Angola"]
[WhiteFideId "9003380"]
[BlackFideId "10110836"]
[EventDate "2021.09.02"]
[EventType "team"]

1. e4 c5 2. Nf3 d6 3. d4 cxd4 4. Nxd4 Nf6 5. Nc3 g6 6. Be3 Bg7 7. f3 O-O 8. Be2
a6 9. O-O Nc6 10. Nb3 Qc7 11. a4 Bd7 12. a5 Ne5 13. Bb6 Qc8 14. Nd2 Be6 15. Ra4
Nfd7 16. Bf2 Nc6 17. Nc4 Bxc4 18. Bxc4 Nxa5 19. Bxf7+ Rxf7 20. Rxa5 Bxc3 21.
bxc3 Qxc3 22. Qd5 Nc5 23. Rxc5 dxc5 24. Bxc5 e6 25. Qd6 Qxc2 26. Bd4 Qc7 27.
Qxe6 a5 28. f4 Qe7 29. Qe5 Qxe5 30. Bxe5 b5 31. f5 b4 32. Bd4 b3 33. f6 Rd7 34.
Bc3 Kf7 35. e5 a4 36. Re1 Ke6 37. Ba1 a3 38. Rc1 b2 39. Rc6+ Kxe5 0-1

[Event "Online Olym Div2 D 2021"]
[Site "chess.com INT"]
[Date "2021.09.03"]
[Round "5.2"]
[Board "1"]
[White "Ynojosa Aponte, Felix Jose"]
[Black "Lenic, Luka"]
[Result "0-1"]
[WhiteTitle "IM"]
[BlackTitle "GM"]
[WhiteElo "2393"]
[BlackElo "2627"]
[WhiteTeam "Venezuela"]
[BlackTeam "Slovenia"]
[WhiteFideId "3900258"]
[BlackFideId "14603853"]
[EventDate "2021.09.02"]
[EventType "team"]

1. e4 e5 2. Nf3 Nc6 3. Bc4 Bc5 4. Nc3 d6 5. d3 Be6 6. Nd5 Na5 7. Ng5 Nxc4 8.
dxc4 Nf6 9. Qf3 Bxd5 10. exd5 Qd7 11. Be3 Bb6 12. O-O O-O 13. b4 h6 14. Nh3 Bxe3
15. fxe3 Qg4 16. Qxg4 Nxg4 17. Rae1 a5 18. b5 f5 19. Nf2 Nf6 20. e4 f4 21. g4 g5
22. Kg2 Kf7 23. Rh1 h5 24. h3 Rh8 25. Kf3 Rh6 26. gxh5 Rxh5 27. Rhg1 Rah8 28.
Rh1 Rh4 29. Reg1 R8h5 30. Rg2 Ke7 31. Rgg1 Kd7 32. Rg2 Kc8 33. Rgg1 Kb8 34. Rg2
Ka7 35. c5 dxc5 36. c4 Kb8 37. Ke2 b6 38. Rhg1 Rxh3 39. Nxh3 Rxh3 40. Rxg5 Nxe4
41. Rg8+ Kb7 42. Rf8 Rh2+ 43. Kf3 Nd2+ 44. Kg4 Nxc4 45. Kf5 Nd6+ 46. Ke6 Nxb5
47. Rgg8 Rh6+ 48. Kxe5 Rh5+ 49. Rf5 Rxf5+ 50. Kxf5 f3 51. Ke5 c4 52. Rf8 Nd6 53.
Rxf3 b5 54. Rh3 b4 55. Kd4 Kb6 56. Rh8 c3 57. Rb8+ Ka7 58. Rh8 Kb7 59. Rh7 Kb6
60. Rh8 Kb5 61. Rh7 Ka4 62. Kd3 Nb5 63. Kc4 c2 64. Rh1 Nc3 65. Rc1 Nxa2 66. Rxc2
Ka3 67. Kb5 b3 68. Rxc7 b2 69. d6 b1=Q+ 70. Kc6 Nb4+ 71. Kd7 Qf5+ 72. Kd8 Qf6+ 0-1